Building and other construction workers' (Regulation of employment and conditions of service) act 1996 with rules (Record no. 396341)

MARC details
000 -LEADER
fixed length control field 00576 a2200193 4500
005 - DATE & TIME
control field 20260401123018.0
008 - FIXED-LENGTH DATA ELEMENTS--GENERAL INFORMATION
fixed length control field 260401b |||||||| |||| 00| 0 eng d
020 ## - ISBN
International Standard Book Number 9789371260992
Price Rs. 315.00
040 ## - CATALOGING SOURCE
Original cataloging agency VIVEKANANDA LIBRARY
082 ## - DDC NUMBER
Classification number 344.5401
Book Number T199B
100 ## - MAIN ENTRY--PERSONAL NAME
Personal name Taxmann Bare Act
245 ## - TITLE STATEMENT
Title Building and other construction workers' (Regulation of employment and conditions of service) act 1996 with rules
260 ## - PUBLICATION, DISTRIBUTION, ETC. (IMPRINT)
Name of publisher, distributor, etc Taxmann Publications
Date of publication, distribution, etc 2025
Place of publication, distribution, etc New Delhi
300 ## - PHYSICAL DESCRIPTION
Pages v.
650 ## - Subject
Subject Law
650 ## - Subject
Subject Labor Welfare Law
650 ## - Subject
Subject Labor Conditions
942 ## - ADDED ENTRY ELEMENTS (KOHA)
Koha item type Books
Holdings
Withdrawn status Lost status Source of classification or shelving scheme Damaged status Not for loan Location (home branch) Sublocation or collection (holding branch) Shelving location Date acquired Koha issues (times borrowed) Koha full call number Accession No. Koha date last seen Koha item type
    Dewey Decimal Classification     VIVEKANANDA LIBRARY VIVEKANANDA LIBRARY Law Library 23/02/2026   344.5401 T199B 378023 23/02/2026 Books
    Dewey Decimal Classification     VIVEKANANDA LIBRARY VIVEKANANDA LIBRARY Law Library 23/02/2026   344.5401 T199B 378024 23/02/2026 Books
    Dewey Decimal Classification     VIVEKANANDA LIBRARY VIVEKANANDA LIBRARY Law Library 23/02/2026   344.5401 T199B 378021 23/02/2026 Books
    Dewey Decimal Classification     VIVEKANANDA LIBRARY VIVEKANANDA LIBRARY Law Library 23/02/2026   344.5401 T199B 378022 23/02/2026 Books
    Dewey Decimal Classification     VIVEKANANDA LIBRARY VIVEKANANDA LIBRARY Law Library 23/02/2026   344.5401 T199B 378020 23/02/2026 Books
© Designed and Maintained by Vivekananda Library, MDU Rohtak